000 00748cam2a220021700 4500
001 tmp15375993
003 UPRA
005 20190822123701.0
008 950801s1973 nyu eng u
035 _a(Sirsi) r52884
035 _a(UPRA)tmp15375993
040 _cUPRA
100 1 _aSeyfert, Carl K., 1938-
_dSeyfert, Carl K., 1938-
_6A11516.1
245 1 0 _aEarth history and plate tectonics :
_ban introduction to historical geology /
_c[by] Carl K. Seyfert [and] Leslie A. Sirkin.
260 _aNew York :
_bHapper & Row,
_c[1973]
504 _aIncludes bibliographical references.
650 0 _aHistorical geology.
_6S7844.1
700 1 _aSirkin, Leslie A.
_6A11517.1
949 _aQE28.3
_wlcc
_i-67462
_mMAIN
_tBOOK
_lON-SHELF
004 52884
999 _c136282
_d136282